Political confidence and security building in Northeast Asia (Запись № 3945640)

Подробности
000 -МАРКЕР
контрольное поле 01972nam0a2200373 4500
001 - ИДЕНТИФИКАТОР ЗАПИСИ
контрольное поле RU\NLR\b_ik\198275
005 - ИДЕНТИФИКАТОР ВЕРСИИ
контрольное поле 20260405113623.0
010 ## - МЕЖДУНАРОДНЫЙ СТАНДАРТНЫЙ НОМЕР КНИГИ (ISBN)
Номер (ISBN) 978-5-7442-1515-6
Тираж 300
021 ## - НОМЕР ГОСУДАРСТВЕННОЙ РЕГИСТРАЦИИ
Код страны Российская Федерация
Номер 2012-77340
Номер Листа государственной регистраци 5735
035 ## - ДРУГИЕ СИСТЕМНЫЕ НОМЕРА
Идентификатор записи (NLR Aleph) 002270652
100 ## - ДАННЫЕ ОБЩЕЙ ОБРАБОТКИ
Данные общей обработки 20121107d2012 |||y0rusy50 ca
101 0# - ЯЗЫК РЕСУРСА
Язык текста, звукозаписи и т.д. английский
102 ## - СТРАНА ПУБЛИКАЦИИ ИЛИ ПРОИЗВОДСТВА
Страна публикации Российская Федерация
105 ## - ПОЛЕ КОДИРОВАННЫХ ДАННЫХ: ТЕКСТОВЫЕ МАТЕРИАЛЫ, МОНОГРАФИЧЕСКИЕ
Кодированные данные о монографическом текстовом документе a |||||||||
200 1# - ЗАГЛАВИЕ И СВЕДЕНИЯ ОБ ОТВЕТСТВЕННОСТИ
Основное заглавие Political confidence and security building in Northeast Asia
Сведения, относящиеся к заглавию [reports of the conference held in Vladivostok, 2-3 July 2009
Первые сведения об ответственности ed.: Victor Larin]
210 ## - ПУБЛИКАЦИЯ, РАСПРОСТРАНЕНИЕ И ДР.
Место издания, распространения и т.д. Vladivostok
Имя издателя, распространителя и т. д. Inst. of history, archeology a. ethnography of the peoples of the Far East, FEBRAS
Дата издания, распространения и т.д. 2012
215 ## - ФИЗИЧЕСКАЯ ХАРАКТЕРИСТИКА
Специфическое обозначение материала и объем 154, [1] с.
Другие сведения о физической характеристике граф.
Размеры 20
300 ## - ОБЩИЕ ПРИМЕЧАНИЯ
Текст примечания В вып. дан.: Проблемы политического доверия и обеспечения безопасности в Северо-Восточной Азии
300 ## - ОБЩИЕ ПРИМЕЧАНИЯ
Текст примечания В надзаг.: Russ. acad. of sciences, Far Eastern branch, Inst. of history, archeology a. ethnography of the peoples of the Far East
300 ## - ОБЩИЕ ПРИМЕЧАНИЯ
Текст примечания Библиогр. в подстроч. примеч.
517 0# - ДРУГИЕ ВАРИАНТЫ ЗАГЛАВИЯ
Вариант заглавия Проблемы политического доверия и обеспечения безопасности в Северо-Восточной Азии
606 1# - НАИМЕНОВАНИЕ ТЕМЫ КАК ПРЕДМЕТ
Наименование темы Международная безопасность
Формальный подзаголовок Сборники
Географический подзаголовок Азия Северо-Восточная
Хронологический подзаголовок кон. 20 - нач. 21 вв.
Системный номер авторитетной/нормативной записи 2238699
Идентификатор авторитетной/нормативной записи RU\NLR\AUTH\6601575043
686 1# - ИНДЕКСЫ ДРУГИХ КЛАССИФИКАЦИЙ
Индекс Ф5 я43
686 1# - ИНДЕКСЫ ДРУГИХ КЛАССИФИКАЦИЙ
Индекс Т3(54)63-6 я43
702 #1 - ИМЯ ЛИЦА - ВТОРИЧНАЯ ОТВЕТСТВЕННОСТЬ
Код отношения Редактор
Материалы, к которым относится поле rus
Графика поля Латинская
Начальный элемент ввода Larin
Часть имени, кроме начального элемента ввода V. L.
Даты 1952-
Расширение инициалов личного имени Viktor Lavrent'evič
Идентификатор авторитетной/нормативной записи RU\NLR\auth\7744299
Системный номер авторитетной/нормативной записи 27240
711 12 - НАИМЕНОВАНИЕ ОРГАНИЗАЦИИ - АЛЬТЕРНАТИВНАЯ ОТВЕТСТВЕННОСТЬ
Графика поля Латинская
Материалы, к которым относится поле eng
Начальный элемент ввода "Political confidence and security building in northeast Asia", conference
Место проведения временной организации Vladivostok
Дата проведения временной организации 2009
Системный номер авторитетной/нормативной записи 461402
Идентификатор авторитетной/нормативной записи RU\NLR\AUTH\880397364
801 #0 - ИСТОЧНИК ЗАПИСИ
Страна Российская Федерация
Организация NLR
Дата составления 20121107
Правила каталогизации RCR
801 #1 - ИСТОЧНИК ЗАПИСИ
Страна Российская Федерация
Организация NLR
Дата составления 20121107
942 ## - ДОПОЛНИТЕЛЬНЫЕ ЭЛЕМЕНТЫ ЗАПИСИ (АБИС)
Тип экземпляра АБИС Книга
980 ## - КОЛЛЕКЦИЯ
Название коллекции Национальная библиография
Экземпляры
Тип экземпляра Дата поступления Источник поступления Библиотека постоянного хранения Библиотека текущего хранения Место хранения Шифр хранения Штрих-код Статус экземпляра
Книга 07.11.2012 Обязательный экземпляр РНБ (Московский) РНБ (Московский) Иностранный книжный фонд Ик 2012-3/840 1-78835